| 000 | 00342nam a22001337a 4500 | ||
|---|---|---|---|
| 020 | _a0071183582 | ||
| 040 | _cNust | ||
| 082 |
_a005.133- C++ _bHub |
||
| 100 |
_aJohn R. hubbard _914006 |
||
| 245 | _aData structures with C ++ | ||
| 260 |
_aNew York: _bMcGraw -Hill, _c2000. |
||
| 650 |
_aData structures with C ++ _9126386 |
||
| 942 |
_2ddc _cBK |
||
| 999 |
_c612091 _d612091 |
||